| 000 | 00504nam a22001577a 4500 | ||
|---|---|---|---|
| 005 | 20260128144635.0 | ||
| 008 | 260128b ||| |||gr|||| 001 f spa d | ||
| 040 | _aEC-QuCCB | ||
| 082 |
_a843 _bS4565 |
||
| 100 | 1 |
_aSégur, Sophie de, _d 1799-1874 _97586 |
|
| 245 |
_aMemorias de un asno _cCondesa de Segur |
||
| 260 |
_a[Lugar de publicación no indentificado] : _b[Editor no identificado], _c[Fecha de publicación no identificada] |
||
| 300 |
_a268 páginas ; _c19 cm |
||
| 590 | _ajcc | ||
| 942 | _cBK | ||
| 999 |
_c83321 _d83321 |
||